logo

Bir Sreshtho Munshi Abdur Rouf Library
Jhenaidah Cadet College

গল্প সমগ্র / (Record no. 1373)

MARC details
000 -LEADER
fixed length control field 00713nam a22002177a 4500
001 - CONTROL NUMBER
JCCL Control Number 1373
003 - CONTROL NUMBER IDENTIFIER
JCCL marc code BD-JhCC
005 - DATE AND TIME OF LATEST TRANSACTION
control field 20171022134144.0
008 - FIXED-LENGTH DATA ELEMENTS--GENERAL INFORMATION
fixed length control field 171018b xxu||||| |||| 00| 0 eng d
035 ## - SYSTEM CONTROL NUMBER
system control number (BD-JhCC)1373
040 ## - CATALOGING SOURCE
Original cataloging agency BD-JhCC
Modifying agency BD-JhCC
041 ## - LANGUAGE CODE
Language code of Book ben
082 ## - DEWEY DECIMAL CLASSIFICATION NUMBER
Classification number 891.4435
Author mark and Year DEB 1398
100 ## - MAIN ENTRY--PERSONAL NAME
Personal name দেবী, আশাপূর্ণা
245 ## - TITLE STATEMENT
Title গল্প সমগ্র /
Statement of responsibility, etc আশাপূর্ণা দেবী
260 ## - PUBLICATION, DISTRIBUTION, ETC. (IMPRINT)
Place of publication, distribution, etc কলকাতা:
Name of publisher, distributor, etc মিত্র ও ঘোষ পাবলিশার্স,
Date of publication, distribution, etc ১৩৯৮.
300 ## - PHYSICAL DESCRIPTION
Pagination ৩৯১ পৃ, :
Dimensions ২২ সেমি.
650 ## - SUBJECT ADDED ENTRY--TOPICAL TERM
Topical term or geographic name as entry element Short Stories, Bengali
942 ## - ADDED ENTRY ELEMENTS (KOHA)
Source of classification or shelving scheme Dewey Decimal Classification
Koha item type Books
Holdings
Source of classification or shelving scheme volume number Damaged status Not for loan Home library Current library Shelving location Date of accession Source of acquisition Cost, normal purchase price Total Checkouts Full call number Barcode Date last seen Copy number Koha item type
Dewey Decimal Classification V-1     JCC Rouf Library JCC Rouf Library General Stacks 10/18/2017 Purchase 65.00   891.4435 DEB 1398 2476 10/18/2017 C-1 Books

JCC Library | Contacts | JCC Home

Last Update on 23 September 2017
Copyright @ 2017-2020 JCC Rouf Library
Rouf Library, Jhenidah Cadet College (JCC), Bangladesh